|
|
|
|
| LEADER |
03111nam a2200781 i 4500 |
| 001 |
nkc20233565740 |
| 003 |
CZ PrNK |
| 005 |
20231212094025.0 |
| 007 |
ta |
| 008 |
231114s2023 xr acehf 000 0dcze |
| 015 |
|
|
|a cnb003565740
|
| 020 |
|
|
|a 978-80-257-4187-0
|q (vázáno)
|
| 035 |
|
|
|a (OCoLC)1416935198
|
| 040 |
|
|
|a ABA001
|b cze
|e rda
|
| 041 |
0 |
|
|a cze
|b eng
|
| 043 |
|
|
|a e-xr---
|b e-xr-st
|2 czenas
|
| 045 |
|
|
|a x3y1
|
| 072 |
|
7 |
|a 72
|x Architektura
|2 Konspekt
|9 21
|
| 080 |
|
|
|a 728.37
|2 MRF
|
| 080 |
|
|
|a 72(437.3)
|2 MRF
|
| 080 |
|
|
|a 72.036.3
|2 MRF
|
| 080 |
|
|
|a 72:904
|2 MRF
|
| 080 |
|
|
|a 7.025.3/.4
|2 MRF
|
| 080 |
|
|
|a (437.312)
|2 MRF
|
| 080 |
|
|
|a (048.8:082)
|2 MRF
|
| 080 |
|
|
|a (084.11)
|2 MRF
|
| 100 |
1 |
|
|a Tothová, Jolana,
|d 1981-
|7 xx0230287
|4 aut
|
| 245 |
1 |
0 |
|a Volmanova vila - klenot české meziválečné architektury /
|c Jolana Tothová, Marek Tichý, Radomíra Sedláková, Magdalena Kurfürstová
|
| 250 |
|
|
|a Vydání druhé
|
| 264 |
|
1 |
|a Praha :
|b Argo,
|c 2023
|
| 300 |
|
|
|a 171 stran :
|b ilustrace (převážně barevné), portréty, plány, faksimile ;
|c 30 cm
|
| 336 |
|
|
|a text
|b txt
|2 rdacontent
|
| 336 |
|
|
|a statický obraz
|b sti
|2 rdacontent
|
| 337 |
|
|
|a bez média
|b n
|2 rdamedia
|
| 338 |
|
|
|a svazek
|b nc
|2 rdacarrier
|
| 500 |
|
|
|a "Kniha vychází ve spolupráci s Národním technickým muzeem"--Rub titulní stránky
|
| 504 |
|
|
|a Obsahuje bibliografii a bibliografické odkazy
|
| 546 |
|
|
|a Anglické resumé
|
| 610 |
2 |
7 |
|a Volmanova vila (Čelákovice, Česko)
|7 osa20201074342
|2 czenas
|
| 648 |
|
7 |
|a 1938-1939
|7 ch460652
|2 czenas
|
| 648 |
|
7 |
|a 20. století
|7 ch460558
|2 czenas
|
| 648 |
|
4 |
|a 2002-2017
|
| 648 |
|
7 |
|a 21. století
|7 ch460559
|2 czenas
|
| 650 |
0 |
7 |
|a vily
|7 ph127102
|z Česko
|y 20. století
|2 czenas
|
| 650 |
0 |
7 |
|a česká architektura
|7 ph128102
|y 20. století
|2 czenas
|
| 650 |
0 |
7 |
|a funkcionalismus (architektura)
|7 ph114595
|z Česko
|2 czenas
|
| 650 |
0 |
7 |
|a architektonické památky
|7 ph118585
|z Česko
|2 czenas
|
| 650 |
0 |
7 |
|a obnova a rekonstrukce památek
|7 ph168233
|z Česko
|y 21. století
|2 czenas
|
| 650 |
0 |
9 |
|a villas
|z Czechia
|y 20th century
|2 eczenas
|
| 650 |
0 |
9 |
|a Czech architecture
|y 20th century
|2 eczenas
|
| 650 |
0 |
9 |
|a funktionalism (architecture)
|z Czechia
|2 eczenas
|
| 650 |
0 |
9 |
|a architectural monuments
|z Czechia
|2 eczenas
|
| 650 |
0 |
9 |
|a renewal and reconstruction of monuments
|z Czechia
|y 21st century
|2 eczenas
|
| 651 |
|
7 |
|a Čelákovice (Česko)
|7 ge131659
|2 czenas
|
| 651 |
|
9 |
|a Čelákovice (Czechia)
|2 eczenas
|
| 655 |
|
7 |
|a kolektivní monografie
|7 fd501537
|2 czenas
|
| 655 |
|
7 |
|a obrazové publikace
|7 fd132947
|2 czenas
|
| 655 |
|
9 |
|a collective monographs
|2 eczenas
|
| 655 |
|
9 |
|a pictorial works
|2 eczenas
|
| 700 |
1 |
|
|a Tichý, Marek,
|d 1971-
|7 xx0248036
|4 aut
|
| 700 |
1 |
|
|a Sedláková, Radomíra,
|d 1950-
|7 jn20000620328
|4 aut
|
| 700 |
1 |
|
|a Kurfürstová, Magdalena,
|d 1978-
|7 xx0248037
|4 aut
|
| 910 |
2 |
|
|a BOA001
|b 4-1515.985
|
| 928 |
9 |
|
|a Národní technické muzeum
|
| 990 |
|
|
|a BK
|
| 995 |
|
|
|a 01
|
| 991 |
|
|
|b 202311
|c NOV
|
| 996 |
6 |
|
|b 2610953484
|c 4-1515.985
|l MZK
|r Sklad / do 1 hodiny
|n 2
|p p.v.
|w 001944625
|u 000010
|a 1
|e BOA001
|j MZK50
|s P
|